The agricultural systems of the world : An evolutionary approach
This book is about the prevalent characteristics and distribution of the major agricultural systems of the world - shifting cultivation, wet rice cultivation, pastoral nomadism, Mediterranean agriculture, mixed farming, dairying, plantations, ranching and large-scale grain production.
Gorde:
| Egile nagusia: | |
|---|---|
| Formatua: | Liburua |
| Hizkuntza: | Undetermined |
| Argitaratua: |
Cambridge
Cambridge University Press
1974
|
| Gaiak: | |
| Etiketak: |
Etiketa erantsi
Etiketarik gabe, Izan zaitez lehena erregistro honi etiketa jartzen!
|
| Thư viện lưu trữ: | Trung tâm Học liệu Trường Đại học Cần Thơ |
|---|
| LEADER | 00884nam a2200217Ia 4500 | ||
|---|---|---|---|
| 001 | CTU_230032 | ||
| 008 | 210402s9999 xx 000 0 und d | ||
| 082 | |a 630.9 | ||
| 082 | |b G857 | ||
| 100 | |a Grigg, David B. | ||
| 245 | 4 | |a The agricultural systems of the world : | |
| 245 | 3 | |b An evolutionary approach | |
| 245 | 0 | |c D. B. Grigg | |
| 260 | |a Cambridge | ||
| 260 | |b Cambridge University Press | ||
| 260 | |c 1974 | ||
| 520 | |a This book is about the prevalent characteristics and distribution of the major agricultural systems of the world - shifting cultivation, wet rice cultivation, pastoral nomadism, Mediterranean agriculture, mixed farming, dairying, plantations, ranching and large-scale grain production. | ||
| 650 | |a Nông nghiệp,Agriculture | ||
| 650 | |x Lịch sử,History | ||
| 910 | |b dqhieu | ||
| 980 | |a Trung tâm Học liệu Trường Đại học Cần Thơ | ||